Statistics for Head to Head - Animals

Click here to take the quiz!

General Stats

  • This quiz has been taken 43,893 times
  • The average score is 12 of 15

Answer Stats

QuestionAnswer% Correct
Which of these is flightless?
97%
Which can live to an older age?
96%
Which of these is primarily nocturnal?
94%
Which of these has more than one heart?
92%
Which of these is a mammal?
90%
Which of these is a type of fish?
89%
Which of these went extinct earlier?
82%
Which of these is poisonous to humans?
81%
Which of these lives in the Arctic?
81%
Which is more numerous in total, ants or fish?
78%
Which of these has a longer gestation period?
78%
Which of these has an IUCN conservation status of 'Critically Endangered'?
73%
Which of these is not a type of bear?
71%
Which of these lives a shorter life (on average)?
68%
Which of these sleeps longer per day?
22%

Score Distribution

Percentile by Number Answered

Percent of People with Each Score

Your Score History

You have not taken this quiz